000 00383cam a2200157ua 4500
001 6627
008 140510n ii |||gr||||Z||||||asm
040 _cMAIN
082 _a657.2
245 _aHichap bigyan parichay
260 _aGuwahati:
_bPathyaputhi prastuti samanay samiti,
_c1975.
300 _ax,592p.
653 _aAccounting
653 _aHichap bigyan parichay
942 _cBK
999 _c5776
_d5776